The World Wildlife Fund / (Record no. 13252)

000 -LEADER
fixed length control field 00751pam a2200229 a 4500
020 ## - INTERNATIONAL STANDARD BOOK NUMBER
ISBN 0027263347
040 ## - CATALOGING SOURCE
Transcribing agency DLC
082 00 - DEWEY DECIMAL CLASSIFICATION NUMBER
Classification number 333 NEW 1995 A013 Or.
100 1# - MAIN ENTRY--AUTHOR NAME
Personal name Denton, Peter,
245 14 - TITLE STATEMENT
Title The World Wildlife Fund /
250 ## - EDITION STATEMENT
Edition statement 1st ed.
260 ## - PUBLICATION, DISTRIBUTION, ETC. (IMPRINT)
Place of publication New York :
Name of publisher New Discovery Books,
Year of publication 1995.
300 ## - PHYSICAL DESCRIPTION
Number of Pages 64 p. :
Other physical details ill. (chiefly col.) ;
Dimensions 25 cm.
500 ## - GENERAL NOTE
General note "First New Discovery Books ed."--T.p. verso.
500 ## - GENERAL NOTE
General note Originally published in Great Britain in 1993 by Exley Publications, Ltd. ... United Kingdom"--T.p. verso.
500 ## - GENERAL NOTE
General note Includes index.
650 #0 - SUBJECT ADDED ENTRY--TOPICAL TERM
Topical Term Nature conservation
650 #1 - SUBJECT ADDED ENTRY--TOPICAL TERM
Topical Term Wildlife conservation.
650 #1 - SUBJECT ADDED ENTRY--TOPICAL TERM
Topical Term Conservation of natural resources.
650 #1 - SUBJECT ADDED ENTRY--TOPICAL TERM
Topical Term Environmental protection.
942 ## - ADDED ENTRY ELEMENTS (KOHA)
Koha item type សៀវភៅភាសាអង់គ្លេស
952 ## - LOCATION AND ITEM INFORMATION (KOHA)
Withdrawn status [LOCAL, KOHA] 0
Holdings
Permanent Location Date acquired Koha item type Lost status Shelving location Barcode Current Location Full call number
Library Block A2017-08-22សៀវភៅភាសាអង់គ្លេស A013A19385Library Block A333 NEW 1995 A013 Or.
មជ្ឈមណ្ឌលឯការនៃសាកលវិទ្យាល័យភូមិន្ទកសិកម្មចំការដូង

Powered by Koha